[Event "Tatarstan-ch"]
[Site "Kazan"]
[Date "2017.09.22"]
[Round "9"]
[White "Yandemirov, Valeri"]
[Black "Sadykov, Ramil"]
[Result "1-0"]
[WhiteElo "2371"]
[BlackElo "2356"]
[PlyCount "103"]
[EventDate "2017.09.15"]
[EventType "swiss"]
[EventRounds "9"]
[EventCountry "RUS"]
[SourceTitle "CBM 180 Extra"]
[Source "ChessBase"]
[SourceDate "2017.10.06"]
[SourceVersion "1"]
[SourceVersionDate "2017.10.06"]
[SourceQuality "1"]

1. e4 c5 2. Nf3 Nc6 3. Bb5 e6 4. 0-0 Qb6 5. Nc3 Nge7 6. Re1 a6 7. Bf1 d6 8. Ne2 e5 9. c3 g6 10. d4 Bg7 11. dxc5 dxc5 12. Be3 Qxb2 13. Bxc5 0-0 14. Qb3 Qxb3 15. axb3 Re8 16. Nd2 Be6 17. Nc1 Rad8 18. Nc4 Nc8 19. Ne3 Bf8 20. Bxf8 Kxf8 21. Nd3 Nb6 22. Nc5 Bc8 23. Nc4 Nd7 24. Nxb7 Bxb7 25. Nd6 Rb8 26. Nxe8 Kxe8 27. Bxa6 Bxa6 28. Rxa6 Nb6 29. Rd1 Ke7 30. Kf1 Rb7 31. Ke2 f6 32. Kd3 Kd8 33. Kc2+ Kc7 34. Rd3 Rb8 35. Ra1 Rf8 36. b4 Kb7 37. Kb3 Rd8 38. Rxd8 Nxd8 39. c4 Ne6 40. c5 Nd4+ 41. Kc3 Nc8 42. Kc4 Na7 43. f4 Nab5 44. fxe5 fxe5 45. Ra5 Kc6 46. Ra6+ Kd7 47. Rb6 Nc7 48. Rb8 Nc2 49. b5 Ne3+ 50. Kb4 Ng4 51. c6+ Ke6 52. Rc8 1-0

[Event "RUS-ch Higher League 70th"]
[Site "Sochi"]
[Date "2017.07.11"]
[Round "9"]
[White "Ulyanin, Sergei"]
[Black "Yandemirov, Valeri"]
[Result "1-0"]
[WhiteElo "2328"]
[BlackElo "2385"]
[PlyCount "81"]
[EventDate "2017.07.02"]
[EventType "swiss"]
[EventRounds "9"]
[EventCountry "RUS"]
[SourceTitle "CBM 180"]
[Source "ChessBase"]
[SourceDate "2017.09.13"]
[SourceVersion "1"]
[SourceVersionDate "2017.09.13"]
[SourceQuality "1"]

1. e4 e5 2. Nf3 Nc6 3. d4 exd4 4. Nxd4 Bb4+ 5. c3 Bc5 6. Be3 Bb6 7. Nf5 Bxe3 8. Nxe3 d6 9. c4 Nge7 10. Nc3 0-0 11. Bd3 f5 12. exf5 Nxf5 13. Bxf5 Bxf5 14. Qd5+ Kh8 15. Nxf5 Nb4 16. Qd2 Rxf5 17. 0-0 Qd7 18. Rae1 Re8 19. Nb5 Na6 20. Rxe8+ Qxe8 21. Re1 Re5 22. Rxe5 Qxe5 23. Qe3 Qh5 24. h3 h6 25. Qxa7 Nc5 26. Qb8+ Kh7 27. Qxc7 Qg5 28. Qxd6 Qc1+ 29. Kh2 Ne4 30. Qe5 Nd2 31. h4 Nf1+ 32. Kh3 Nd2 33. Nd6 Qh1+ 34. Kg3 Nf1+ 35. Kf3 Nh2+ 36. Kg3 Nf1+ 37. Kf3 Nh2+ 38. Kf4 Qc1+ 39. Kf5 g6+ 40. Ke6 Ng4 41. Qe4 1-0

[Event "RUS-ch Higher League 70th"]
[Site "Sochi"]
[Date "2017.07.10"]
[Round "8"]
[White "Yandemirov, Valeri"]
[Black "Faizrakhmanov, Ramil"]
[Result "0-1"]
[WhiteElo "2385"]
[BlackElo "2414"]
[PlyCount "154"]
[EventDate "2017.07.02"]
[EventType "swiss"]
[EventRounds "9"]
[EventCountry "RUS"]
[SourceTitle "CBM 180"]
[Source "ChessBase"]
[SourceDate "2017.09.13"]
[SourceVersion "1"]
[SourceVersionDate "2017.09.13"]
[SourceQuality "1"]

1. e4 c6 2. Nc3 d5 3. Nf3 Bg4 4. h3 Bxf3 5. Qxf3 e6 6. Qg3 h5 7. d3 h4 8. Qg5 Nf6 9. Be2 g6 10. 0-0 Nbd7 11. exd5 Nxd5 12. Nxd5 cxd5 13. Qg4 Bg7 14. c4 Ne5 15. Qf4 Kf8 16. Be3 Nc6 17. cxd5 exd5 18. d4 Bf6 19. Rac1 Kg7 20. Rc5 Be7 21. Rb5 Qd7 22. Bg4 f5 23. Bd1 a6 24. Rb6 Bd8 25. Rb3 b5 26. Qf3 Bf6 27. Rc3 Nxd4 28. Bxd4 Bxd4 29. Rd3 Bxb2 30. Rxd5 Qe7 31. Bb3 Rad8 32. Rfd1 Rxd5 33. Qxd5 Rc8 34. Kf1 Bc3 35. Qd7 Re8 36. g4 hxg3 37. fxg3 Kh6 38. Qxe7 Rxe7 39. Rd6 a5 40. Rb6 a4 41. Bd5 b4 42. Ra6 a3 43. Bc4 Re3 44. g4 Rxh3 45. gxf5 Rf3+ 46. Ke2 Rxf5 47. Bd3 Rg5 48. Kf3 Rg1 49. Bc4 Kh5 50. Be2 Kh4 51. Bd3 Rg3+ 52. Ke4 Kh3 53. Bc2 Bd2 54. Kd4 Bc3+ 55. Ke4 Kg2 56. Bb3 Kf2 57. Ra8 Re3+ 58. Kd5 Re5+ 59. Kc4 g5 60. Rg8 Kg3 61. Bd1 Re4+ 62. Kb3 g4 63. Ka4 Kh4 64. Bc2 Rf4 65. Bb3 Re4 66. Bd5 Re5 67. Bc6 Rg5 68. Re8 g3 69. Bg2 Rf5 70. Re4+ Kg5 71. Re3 Kg4 72. Re6 Rf2 73. Rg6+ Kf4 74. Bd5 Rd2 75. Bc4 g2 76. Bb5 Rxa2 77. Bc6 Rd2 0-1

[Event "Nezhmetdinov Memorial 39th"]
[Site "Kazan"]
[Date "2017.06.08"]
[Round "9"]
[White "Yandemirov, Valeri"]
[Black "Michelle, Catherina P"]
[Result "1-0"]
[WhiteElo "2387"]
[BlackElo "2157"]
[PlyCount "101"]
[EventDate "2017.05.31"]
[EventType "swiss"]
[EventRounds "9"]
[EventCountry "RUS"]
[SourceTitle "EXT 2018"]
[Source "ChessBase"]
[SourceDate "2017.10.13"]
[SourceVersion "1"]
[SourceVersionDate "2017.10.13"]
[SourceQuality "1"]

1. e4 e5 2. Nf3 Nc6 3. Nc3 Nf6 4. d4 exd4 5. Nxd4 Bb4 6. Nxc6 bxc6 7. Bd3 d5 8. exd5 cxd5 9. 0-0 0-0 10. Bg5 c6 11. Qf3 Bd6 12. h3 Rb8 13. Rab1 h6 14. Bxf6 Qxf6 15. Qxf6 gxf6 16. b3 Re8 17. Ne2 Bd7 18. Rbd1 a5 19. Nd4 c5 20. Nf5 Bf8 21. Ne3 Be6 22. Rfe1 Red8 23. Be2 f5 24. g4 fxg4 25. Bxg4 d4 26. Bxe6 dxe3 27. Bc4 exf2+ 28. Kxf2 Be7 29. Rxd8+ Bxd8 30. Re8+ Kg7 31. Kf3 f5 32. Re5 Bb6 33. Re6 Bd8 34. Kf4 Bg5+ 35. Kxf5 Rf8+ 36. Ke4 Rf2 37. Bd3 Kf7 38. Ra6 Bd2 39. Kd5 Rf3 40. h4 Rh3 41. Bg6+ Kg7 42. h5 Bb4 43. Kc4 Rh4+ 44. Kb5 Rd4 45. Rc6 Rg4 46. Re6 Rg1 47. Re3 Ra1 48. c3 Ba3 49. Re2 Rc1 50. Ka4 Rxc3 51. Kxa3 1-0

[Event "Nezhmetdinov Memorial 39th"]
[Site "Kazan"]
[Date "2017.06.02"]
[Round "3"]
[White "Pridorozhni, Aleksei"]
[Black "Yandemirov, Valeri"]
[Result "1-0"]
[WhiteElo "2540"]
[BlackElo "2387"]
[PlyCount "87"]
[EventDate "2017.05.31"]
[EventType "swiss"]
[EventRounds "9"]
[EventCountry "RUS"]
[SourceTitle "CBM 178 Extra"]
[Source "ChessBase"]
[SourceDate "2017.06.22"]
[SourceVersion "1"]
[SourceVersionDate "2017.06.22"]
[SourceQuality "1"]

1. e4 e5 2. Nf3 Nc6 3. d4 exd4 4. Nxd4 Bb4+ 5. c3 Bc5 6. Be3 Bb6 7. Nf5 Bxe3 8. Nxe3 d6 9. g3 Nf6 10. Bg2 0-0 11. c4 a6 12. Nc3 Rb8 13. a4 a5 14. 0-0 Nb4 15. h3 Nd7 16. Ncd5 Nxd5 17. cxd5 Nc5 18. Qc2 b6 19. Rfe1 Re8 20. Nc4 Ba6 21. Re3 Qf6 22. Nd2 b5 23. axb5 Rxb5 24. Ra2 Reb8 25. e5 Qg6 26. Qc3 Rb4 27. Rxa5 f6 28. exd6 cxd6 29. b3 h5 30. h4 Qg4 31. Ra3 Qf5 32. Bf3 Qg6 33. Re7 Rxh4 34. Rc7 Rhb4 35. Rxc5 dxc5 36. Rxa6 h4 37. Be2 Rd4 38. Nf1 Qe4 39. Re6 Qxd5 40. Bc4 Rxc4 41. Qxc4 Qxc4 42. bxc4 hxg3 43. fxg3 Rb4 44. Ne3 1-0

[Event "Alushta Summer 3rd"]
[Site "Alushta"]
[Date "2016.06.20"]
[Round "9"]
[White "Shtyrenkov, Veniamen"]
[Black "Yandemirov, Valeri"]
[Result "1/2-1/2"]
[WhiteElo "2293"]
[BlackElo "2382"]
[PlyCount "39"]
[EventDate "2016.06.13"]
[EventType "tourn"]
[EventRounds "10"]
[EventCountry "UKR"]
[EventCategory "6"]
[SourceTitle "CBM 173 Extra"]
[Source "ChessBase"]
[SourceDate "2016.08.29"]
[SourceVersion "1"]
[SourceVersionDate "2016.08.29"]
[SourceQuality "1"]

1. e4 e5 2. Nf3 Nc6 3. Bc4 Nf6 4. d3 Be7 5. 0-0 0-0 6. Re1 d6 7. c3 h6 8. Nbd2 Nh7 9. Nf1 Ng5 10. Nxg5 Bxg5 11. Ng3 Bxc1 12. Qxc1 Qh4 13. Qe3 Ne7 14. Nf1 Ng6 15. Nd2 Qf4 16. g3 Qxe3 17. Rxe3 Kh8 18. d4 f5 19. exf5 Bxf5 20. Rae1 1/2-1/2

[Event "Alushta Summer 3rd"]
[Site "Alushta"]
[Date "2016.06.16"]
[Round "5"]
[White "Iljin, Timofey"]
[Black "Yandemirov, Valeri"]
[Result "1/2-1/2"]
[WhiteElo "2322"]
[BlackElo "2382"]
[PlyCount "44"]
[EventDate "2016.06.13"]
[EventType "tourn"]
[EventRounds "10"]
[EventCountry "UKR"]
[EventCategory "6"]
[SourceTitle "CBM 173 Extra"]
[Source "ChessBase"]
[SourceDate "2016.08.29"]
[SourceVersion "1"]
[SourceVersionDate "2016.08.29"]
[SourceQuality "1"]

1. d4 Nf6 2. c4 g6 3. Nc3 d5 4. cxd5 Nxd5 5. e4 Nxc3 6. bxc3 Bg7 7. Nf3 c5 8. Be3 0-0 9. Qd2 Qa5 10. Rc1 Rd8 11. d5 e6 12. Bg5 Re8 13. Be2 exd5 14. exd5 Nd7 15. 0-0 Nf6 16. Rfe1 Bd7 17. c4 Qxd2 18. Nxd2 Ne4 19. Nxe4 Rxe4 20. Bf3 Rxe1+ 21. Rxe1 Re8 22. Rxe8+ Bxe8 1/2-1/2

[Event "Alushta Summer 3rd"]
[Site "Alushta"]
[Date "2016.06.16"]
[Round "4"]
[White "Yandemirov, Valeri"]
[Black "Shtyrenkov, Veniamen"]
[Result "1/2-1/2"]
[WhiteElo "2382"]
[BlackElo "2293"]
[PlyCount "44"]
[EventDate "2016.06.13"]
[EventType "tourn"]
[EventRounds "10"]
[EventCountry "UKR"]
[EventCategory "6"]
[SourceTitle "CBM 173 Extra"]
[Source "ChessBase"]
[SourceDate "2016.08.29"]
[SourceVersion "1"]
[SourceVersionDate "2016.08.29"]
[SourceQuality "1"]

1. e4 e5 2. Nf3 Nc6 3. Bb5 Nf6 4. 0-0 Nxe4 5. Re1 Nd6 6. Nxe5 Nxe5 7. Rxe5+ Be7 8. Bf1 0-0 9. d4 Ne8 10. Re1 d5 11. Bf4 Bd6 12. Bxd6 Nxd6 13. Bd3 Bf5 14. Bxf5 Nxf5 15. c3 c6 16. Nd2 Qb6 17. Qb3 Rfe8 18. Qxb6 axb6 19. Rxe8+ Rxe8 20. Kf1 Nd6 21. Re1 Rxe1+ 22. Kxe1 f6 1/2-1/2

[Event "Alushta Summer 3rd"]
[Site "Alushta"]
[Date "2016.06.15"]
[Round "3"]
[White "Yandemirov, Valeri"]
[Black "Enkhnar, Enkhbaatar"]
[Result "0-1"]
[WhiteElo "2382"]
[BlackElo "2438"]
[PlyCount "80"]
[EventDate "2016.06.13"]
[EventType "tourn"]
[EventRounds "10"]
[EventCountry "UKR"]
[EventCategory "6"]
[SourceTitle "CBM 173 Extra"]
[Source "ChessBase"]
[SourceDate "2016.08.29"]
[SourceVersion "1"]
[SourceVersionDate "2016.08.29"]
[SourceQuality "1"]

1. e4 c5 2. Nf3 Nc6 3. Bb5 Qc7 4. 0-0 a6 5. Bxc6 dxc6 6. h3 e5 7. d3 f6 8. a4 a5 9. Be3 Be6 10. Nbd2 g5 11. c3 h5 12. d4 g4 13. Nh4 cxd4 14. cxd4 exd4 15. Bxd4 0-0-0 16. Be3 gxh3 17. g3 Nh6 18. Bf4 Bd6 19. Bxd6 Rxd6 20. Qe2 Rhd8 21. Nc4 Rd4 22. Qxh5 Bxc4 23. Qxh6 Bxf1 24. Rxf1 Kb8 25. Qxf6 Rxe4 26. Kh2 Rxa4 27. Re1 Qd6 28. Qxd6+ Rxd6 29. Kxh3 Rd2 30. f4 Rxb2 31. Re3 Rf2 32. Nf3 Ra1 33. Kg4 Raf1 34. Ne5 Ka7 35. Nd3 Rc2 36. Ne1 Rb2 37. f5 a4 38. Nf3 Rb3 39. Rxb3 axb3 40. Nd2 b2 0-1

[Event "Nezhmetdinov Memorial 38th"]
[Site "Kazan"]
[Date "2016.06.03"]
[Round "4"]
[White "Baraeva, Marina"]
[Black "Yandemirov, Valeri"]
[Result "1/2-1/2"]
[WhiteElo "2208"]
[BlackElo "2388"]
[PlyCount "95"]
[EventDate "2016.05.31"]
[EventType "swiss"]
[EventRounds "9"]
[EventCountry "RUS"]
[SourceTitle "CBM 172 Extra"]
[Source "ChessBase"]
[SourceDate "2016.06.21"]
[SourceVersion "1"]
[SourceVersionDate "2016.06.21"]
[SourceQuality "1"]

1. c4 Nf6 2. Nf3 g6 3. g3 Bg7 4. Bg2 0-0 5. 0-0 c6 6. d4 d5 7. cxd5 cxd5 8. Nc3 Ne4 9. Ne5 Nxc3 10. bxc3 Nc6 11. Nxc6 bxc6 12. Qa4 Qb6 13. Ba3 Qa6 14. Qxa6 Bxa6 15. Rfe1 Rfe8 16. Rab1 e5 17. e3 Bc4 18. Bc5 Bxa2 19. Ra1 Bc4 20. Rxa7 Rxa7 21. Bxa7 Ra8 22. Bc5 e4 23. Bf1 Bf8 24. Bxf8 Kxf8 25. Bxc4 dxc4 26. Rb1 Ra3 27. Rb6 c5 28. Rc6 cxd4 29. cxd4 c3 30. Kg2 Ke7 31. h4 Kd7 32. Rc5 h5 33. Rc4 f6 34. Rc5 Ke6 35. Rc8 Kf5 36. Rc6 Rb3 37. Rc5+ Kg4 38. Rc6 Kf5 39. Rc5+ Kg4 40. Rc6 g5 41. Rxf6 c2 42. Rc6 gxh4 43. gxh4 Rb2 44. Rc8 Kxh4 45. Rc7 Kg4 46. Rg7+ Kf5 47. Rf7+ Kg4 48. Rg7+ 1/2-1/2

[Event "Nezhmetdinov Memorial rapid 38th"]
[Site "Kazan"]
[Date "2016.05.30"]
[Round "7"]
[White "Lintchevski, Daniil"]
[Black "Yandemirov, Valeri"]
[Result "1-0"]
[WhiteElo "2566"]
[BlackElo "2388"]
[PlyCount "113"]
[EventDate "2016.05.29"]
[EventType "swiss (rapid)"]
[EventRounds "9"]
[EventCountry "RUS"]
[SourceTitle "CBM 172 Extra"]
[Source "ChessBase"]
[SourceDate "2016.06.21"]
[SourceVersion "1"]
[SourceVersionDate "2016.06.21"]
[SourceQuality "1"]

1. e4 e5 2. Nf3 Nc6 3. Bb5 a6 4. Bxc6 dxc6 5. 0-0 f6 6. d4 exd4 7. e5 Be7 8. Re1 Bg4 9. Nbd2 Qd5 10. exf6 gxf6 11. h3 Bh5 12. Re4 f5 13. Rf4 0-0-0 14. g4 fxg4 15. hxg4 Bg6 16. Rxd4 Qe6 17. Rxd8+ Bxd8 18. Nd4 Qd7 19. N2b3 h5 20. g5 Qd5 21. Qf3 Ne7 22. Qxd5 cxd5 23. c3 Nf5 24. Nxf5 Bxf5 25. Nd4 Bd7 26. Be3 c5 27. Nf3 Rg8 28. Bxc5 Bg4 29. Kg2 Bxf3+ 30. Kxf3 Rxg5 31. Be3 Rf5+ 32. Ke2 Bg5 33. f4 Bf6 34. Kf3 Kd7 35. Rg1 Ke6 36. Rg8 d4 37. Bxd4 Bxd4 38. cxd4 Ra5 39. a3 Rb5 40. b4 a5 41. Rg6+ Kf7 42. Rg5 Rxg5 43. fxg5 axb4 44. axb4 Kg6 45. Kf4 h4 46. Kg4 h3 47. Kxh3 Kxg5 48. Kg3 Kf5 49. Kf3 Ke6 50. Ke4 Kd6 51. d5 Kd7 52. Ke5 Ke7 53. d6+ Ke8 54. Ke6 Kd8 55. b5 Ke8 56. d7+ Kd8 57. Kd6 1-0

[Event "RUS GP KO rapid"]
[Site "Kazan"]
[Date "2016.05.15"]
[Round "2.2"]
[White "Samusenko, Maksim"]
[Black "Yandemirov, Valeri"]
[Result "1/2-1/2"]
[WhiteElo "2329"]
[BlackElo "2388"]
[PlyCount "115"]
[EventDate "2016.05.15"]
[EventType "k.o. (rapid)"]
[EventRounds "4"]
[EventCountry "RUS"]
[SourceTitle "CBM 172 Extra"]
[Source "ChessBase"]
[SourceDate "2016.06.21"]
[SourceVersion "1"]
[SourceVersionDate "2016.06.21"]
[SourceQuality "1"]

1. e4 e5 2. Nf3 Nc6 3. Nc3 Nf6 4. Be2 d5 5. exd5 Nxd5 6. 0-0 Nxc3 7. bxc3 Bd6 8. d4 0-0 9. Re1 h6 10. Bd3 Qf6 11. Rb1 Bg4 12. Be4 exd4 13. cxd4 Bxf3 14. Qxf3 Qxf3 15. gxf3 Nxd4 16. Be3 Ne6 17. Bxb7 Rad8 18. Bxa7 Bc5 19. Bxc5 Nxc5 20. Re7 Ne6 21. a4 Rd6 22. a5 Rb8 23. Rb3 Kf8 24. Rxe6 Rxe6 25. a6 Re1+ 26. Kg2 Ra1 27. Rc3 Rd8 28. Rxc7 Rd6 29. f4 Ra3 30. f5 Rdxa6 31. Bxa6 Rxa6 32. Kg3 Ra5 33. Kf4 Ra4+ 34. c4 Ra2 35. Kg3 Rc2 36. h4 h5 37. f3 f6 38. Kf4 Rh2 39. Kg3 Rd2 40. c5 Rd5 41. c6 Rc5 42. Kf4 Rc4+ 43. Ke3 Ke8 44. Kd3 Rxh4 45. Rxg7 Kd8 46. Rf7 Rf4 47. Rxf6 Kc7 48. Ke3 Rc4 49. Rh6 h4 50. f6 Kd6 51. Kf2 Ke6 52. Kg2 Kf7 53. Kh3 Rxc6 54. Kxh4 Rxf6 55. Rxf6+ Kxf6 56. Kg4 Kg6 57. Kf4 Kf6 58. Ke4 1/2-1/2

[Event "RUS GP GpB rapid"]
[Site "Kazan"]
[Date "2016.05.14"]
[Round "3"]
[White "Yandemirov, Valeri"]
[Black "Timofeev, Artyom"]
[Result "1-0"]
[WhiteElo "2388"]
[BlackElo "2598"]
[PlyCount "115"]
[EventDate "2016.05.14"]
[EventType "tourn (rapid)"]
[EventRounds "7"]
[EventCountry "RUS"]
[EventCategory "5"]
[SourceTitle "CBM 172 Extra"]
[Source "ChessBase"]
[SourceDate "2016.06.21"]
[SourceVersion "1"]
[SourceVersionDate "2016.06.21"]
[SourceQuality "1"]

1. Nf3 Nf6 2. g3 g6 3. Bg2 Bg7 4. 0-0 0-0 5. d4 d5 6. c4 dxc4 7. Na3 c3 8. bxc3 c5 9. Ne5 Nc6 10. Nac4 Be6 11. Nxc6 bxc6 12. Ne5 Bd5 13. Nxc6 Qd6 14. Ne5 Bxg2 15. Kxg2 Ne4 16. Bb2 Bxe5 17. dxe5 Qxe5 18. Qc2 c4 19. Rad1 Rfd8 20. Rd4 Rxd4 21. cxd4 Qe6 22. f3 c3 23. Qxe4 Qxe4 24. fxe4 cxb2 25. Rb1 Rb8 26. Kf3 a5 27. Ke3 a4 28. a3 Rb3+ 29. Kd2 h5 30. Kc2 Rxa3 31. Rxb2 Re3 32. Kd2 Rxe4 33. e3 Re6 34. Rb8+ Kg7 35. Ra8 Rb6 36. Rxa4 Rb2+ 37. Ke1 Rxh2 38. Kf1 e6 39. d5 e5 40. e4 Rd2 41. Ra3 f5 42. Ra7+ Kf6 43. Ra6+ Kg5 44. Re6 fxe4 45. Rxe5+ Kg4 46. Rxe4+ Kxg3 47. Re6 g5 48. d6 g4 49. Ke1 Rd5 50. Ke2 h4 51. Re3+ Kf4 52. Rd3 Rxd3 53. Kxd3 h3 54. d7 h2 55. d8Q h1Q 56. Qd6+ Kg5 57. Qe5+ Kg6 58. Qe6+ 1-0